Statistics for Kpop Girlsbands by Picture

Click here to take the quiz!

General Stats

  • This quiz has been taken 263 times
  • The average score is 11 of 16

Answer Stats

Answer% Correct
BLACKPINK
100%
MAMAMOO
90%
ITZY
89%
aespa
88%
TWICE
86%
(G)I-DLE
85%
Kep1er
81%
NMIXX
81%
Red Velvet
78%
Girls’ Generation
70%
4Minute
57%
Dreamcatcher
55%
CLC
52%
AOA
45%
Apink
45%
OH MY GIRL
44%

Score Distribution

Percentile by Number Answered

Percent of People with Each Score

Your Score History

You have not taken this quiz